000 00906nas a2200301 4500
001 BR0805924
003 BR-BrBNA
005 20231205112033.0
007 ta
008 230509b bl.|||p| |||| 00| 00por d
040 _aBR-BrBNA
_bpor
_cBiblioteca Nacional de Agricultura
041 _a(Pt)
072 _aL51
100 1 _aVitti, D.M.S.S.
100 1 _aFurtado, C.E.
100 1 _aQuadros, J.B. da S.
100 1 _aLopes, J.B.
100 1 _aBueno, I.C. da S.
100 1 _aNozella, E.F.
100 1 _aGodoy, P.B. de
245 1 _aEfeitos de diferentes níveis de cálcio dietético na cinética de cálcio e fósforo em equinos
650 _aPOTRO
650 _aMINERAL
650 _aRADIOISOTOPO
773 0 _tRevista Brasileira de Zootecnia (Brazil)
_xISSN 1516-3598
_g(Mar 2008), v. 37(3) p. 478-486
_wBR0805924
909 _a202311
_bLúcia
_c55
_dLúcia Elande
942 _2AGRIS
_n0
_cANA
999 _c195762
_d195762